Medical instrumentation : (Record no. 480770)

000 -LEADER
fixed length control field 00877cam a2200265 i 4500
001 - CONTROL NUMBER
control field 1777282
003 - CONTROL NUMBER IDENTIFIER
control field ASAB
005 - DATE AND TIME OF LATEST TRANSACTION
control field 20180827062825.0
008 - FIXED-LENGTH DATA ELEMENTS--GENERAL INFORMATION
fixed length control field 780504s1978 maua b 001 0 eng
010 ## - LIBRARY OF CONGRESS CONTROL NUMBER
LC control number 77076419
020 ## - INTERNATIONAL STANDARD BOOK NUMBER
International Standard Book Number 978-81-265-1106-8
040 ## - CATALOGING SOURCE
Transcribing agency ASAB
050 00 - LIBRARY OF CONGRESS CALL NUMBER
Classification number R856
Item number .M376
082 00 - DEWEY DECIMAL CLASSIFICATION NUMBER
Classification number 610
245 00 - TITLE STATEMENT
Title Medical instrumentation :
Remainder of title application and design /
Statement of responsibility, etc. John G. Webster, editor ; contributing authors, John W. Clark ... [et al.].
250 ## - EDITION STATEMENT
Edition statement Third Edition
260 ## - PUBLICATION, DISTRIBUTION, ETC.
Place of publication, distribution, etc. Boston :
Name of publisher, distributor, etc. Houghton Mifflin,
Date of publication, distribution, etc. c2002
300 ## - PHYSICAL DESCRIPTION
Extent xvi, 729 p. :
Other physical details ill. ;
Dimensions 25 cm.
504 ## - BIBLIOGRAPHY, ETC. NOTE
Bibliography, etc. note Includes bibliographies and index.
650 #0 - SUBJECT ADDED ENTRY--TOPICAL TERM
Topical term or geographic name entry element Medical instruments and apparatus.
9 (RLIN) 3655
700 1# - ADDED ENTRY--PERSONAL NAME
Personal name Webster, John G.,
Dates associated with a name 1932-
9 (RLIN) 3656
700 1# - ADDED ENTRY--PERSONAL NAME
Personal name Clark, John W.
Fuller form of name (John William),
Dates associated with a name 1936-
9 (RLIN) 3657
906 ## - LOCAL DATA ELEMENT F, LDF (RLIN)
a 7
b cbc
c orignew
d 2
e opcn
f 19
g y-gencatlg
942 ## - ADDED ENTRY ELEMENTS (KOHA)
Source of classification or shelving scheme
Koha item type Book
Holdings
Withdrawn status Lost status Source of classification or shelving scheme Damaged status Not for loan Collection code Permanent Location Current Location Date acquired Total Checkouts Full call number Barcode Date last seen Date last checked out Price effective from Koha item type
            Central Library (CL) Central Library (CL) 04/25/2018 1 610 WEB ASAB2145 02/03/2020 12/04/2019 04/25/2018 Book
© 2023 Central Library, National University of Sciences and Technology. All Rights Reserved.